[Event "Marseille op 2nd "]
[Site "Marseille"]
[Date "2009.12.26"]
[Round "1"]
[White "Houard, Yannick"]
[Black "Lubrano, Bernard"]
[Result "1-0"]
[WhiteElo "2167"]
[BlackElo "1604"]
[PlyCount "87"]
[EventDate "2009.12.26"]
[EventType "swiss"]
[EventRounds "9"]
[EventCountry "FRA"]
[SourceTitle "CBM 134 Extra"]
[Source "ChessBase"]
[SourceDate "2010.03.03"]
[SourceVersion "1"]
[SourceVersionDate "2010.03.03"]
[SourceQuality "1"]

1. e4 e5 2. Nf3 Nc6 3. Bb5 Nf6 4. O-O d6 5. d4 Bd7 6. Re1 Be7 7. d5 Nb8 8.
Bxd7+ Nbxd7 9. c4 Nc5 10. Nc3 a5 11. b3 O-O 12. Bb2 Re8 13. a3 Qd7 14. h3 Bf8
15. b4 axb4 16. axb4 Rxa1 17. Bxa1 Na6 18. Qb3 Nh5 19. Bb2 Nf4 20. Ne2 Nxe2+
21. Rxe2 c5 22. dxc6 bxc6 23. Bc3 Rb8 24. Qa4 Qc8 25. Ra2 Rb6 26. Rb2 Qb7 27.
Qa3 Nc7 28. Qa2 Ne6 29. Qb1 Nc7 30. Bd2 g6 31. Be3 Ra6 32. b5 cxb5 33. cxb5 Ra4
34. b6 Ne6 35. Qc2 Rxe4 36. Qxe4 Qxe4 37. b7 d5 38. b8=Q d4 39. Ng5 Nxg5 40.
Bxg5 Kg7 41. Qd8 Qe1+ 42. Kh2 Qc3 43. Rb8 Qc5 44. Qf6+ 1-0

[Event "Marseille op 2nd "]
[Site "Marseille"]
[Date "2009.12.26"]
[Round "2"]
[White "Flores, Adrian"]
[Black "Houard, Yannick"]
[Result "0-1"]
[WhiteElo "1808"]
[BlackElo "2167"]
[PlyCount "102"]
[EventDate "2009.12.26"]
[EventType "swiss"]
[EventRounds "9"]
[EventCountry "FRA"]
[SourceTitle "CBM 134 Extra"]
[Source "ChessBase"]
[SourceDate "2010.03.03"]
[SourceVersion "1"]
[SourceVersionDate "2010.03.03"]
[SourceQuality "1"]

1. c4 c6 2. Nc3 d5 3. cxd5 cxd5 4. d4 Nf6 5. Bf4 Nc6 6. e3 a6 7. a3 Bf5 8. Nf3
e6 9. Qb3 Ra7 10. Ne5 Nxe5 11. Bxe5 Nd7 12. Bg3 Qb6 13. Qxb6 Nxb6 14. Rc1 Ra8
15. Bc7 Nd7 16. Be2 Rc8 17. Bf4 Nb6 18. O-O Kd7 19. f3 Bd6 20. Bxd6 Kxd6 21. e4
Bg6 22. b3 Rc7 23. Rc2 Rhc8 24. Rfc1 f6 25. Bd3 e5 26. dxe5+ Kxe5 27. Kf2 dxe4
28. Nxe4 Rxc2+ 29. Rxc2 Rxc2+ 30. Bxc2 Kd4 31. Ke2 Nd5 32. Kd2 Ne3 33. Bd3 Nxg2
34. Nf2 Bxd3 35. Nxd3 Nh4 36. Ne1 g5 37. Nc2+ Ke5 38. Ke3 Nf5+ 39. Kf2 Nd4 40.
Ne3 Nxb3 41. Nc4+ Ke6 42. Ne3 b5 43. Nc2 Nc5 44. Ke3 Kd5 45. Nb4+ Kc4 46. Kd2
Kb3 47. Nc2 Ne6 48. Kc1 a5 49. Kb1 f5 50. Kc1 Kc3 51. Kd1 Kd3 0-1

[Event "Marseille op 2nd "]
[Site "Marseille"]
[Date "2009.12.27"]
[Round "3"]
[White "Houard, Yannick"]
[Black "Marzolo, Cyril"]
[Result "0-1"]
[WhiteElo "2167"]
[BlackElo "2465"]
[PlyCount "112"]
[EventDate "2009.12.26"]
[EventType "swiss"]
[EventRounds "9"]
[EventCountry "FRA"]
[SourceTitle "CBM 134 Extra"]
[Source "ChessBase"]
[SourceDate "2010.03.03"]
[SourceVersion "1"]
[SourceVersionDate "2010.03.03"]
[SourceQuality "1"]

1. e4 e6 2. d4 d5 3. Nd2 Be7 4. Bd3 c5 5. dxc5 Nf6 6. Qe2 Nc6 7. Ngf3 Nb4 8.
Nb3 Nxd3+ 9. cxd3 a5 10. Bg5 a4 11. Nbd2 h6 12. Bxf6 Bxf6 13. e5 Be7 14. Rc1
Qa5 15. Qe3 b6 16. c6 Bc5 17. d4 Be7 18. O-O Ba6 19. Rfe1 O-O 20. Rc2 Rfc8 21.
Rec1 Rc7 22. g4 Qb5 23. Kh1 Rac8 24. g5 hxg5 25. Nxg5 Qd3 26. Qf4 Qg6 27. Ndf3
Bd3 28. Rc3 Qf5 29. Qe3 Bb5 30. Rg1 Bxg5 31. Nxg5 Rxc6 32. Qg3 Rxc3 33. bxc3
Bd3 34. f3 Be2 35. Qf2 Qd3 36. Re1 Bd1 37. Re3 Qf5 38. Qg3 b5 39. a3 Rc4 40.
Re1 Qd3 41. Qf4 Rc7 42. Kg2 Bc2 43. Re3 Qd2+ 44. Kg3 Bf5 45. Nh3 Bxh3 46. Qh4
Qg2+ 47. Kf4 Qxh2+ 48. Kg5 Qg2+ 49. Kf4 g5+ 50. Qxg5+ Qxg5+ 51. Kxg5 Kg7 52. f4
Bf5 53. Rg3 Rc8 54. Re3 Rg8 55. Re2 Kf8+ 56. Kh6 Rg6+ 0-1

[Event "Marseille op 2nd "]
[Site "Marseille"]
[Date "2009.12.28"]
[Round "5"]
[White "Houard, Yannick"]
[Black "Larribere, Hadrien"]
[Result "1-0"]
[WhiteElo "2167"]
[BlackElo "1923"]
[PlyCount "209"]
[EventDate "2009.12.26"]
[EventType "swiss"]
[EventRounds "9"]
[EventCountry "FRA"]
[SourceTitle "CBM 134 Extra"]
[Source "ChessBase"]
[SourceDate "2010.03.03"]
[SourceVersion "1"]
[SourceVersionDate "2010.03.03"]
[SourceQuality "1"]

1. e4 c5 2. Nf3 e6 3. d4 cxd4 4. Nxd4 Nc6 5. Nb5 d6 6. Bf4 e5 7. Be3 a6 8. N5c3
Nf6 9. Bg5 Be6 10. Nd2 Be7 11. Bxf6 Bxf6 12. Nc4 Nd4 13. Ne3 Bg5 14. Ncd5 Bxe3
15. Nxe3 b5 16. c3 Nc6 17. Be2 O-O 18. O-O Ne7 19. a4 Qb6 20. axb5 axb5 21. b4
Rxa1 22. Qxa1 Qc6 23. Qa5 Qxc3 24. Qxb5 Qc6 25. Qd3 Rb8 26. b5 Qc5 27. Qd2 Qb6
28. Ra1 Nc8 29. Qc3 Qc5 30. Qd2 Qb6 31. h3 g6 32. Ra6 Qb7 33. Qd3 Bd7 34. Nd5
Kg7 35. Ra5 Ra8 36. Qa3 Rb8 37. Qc3 Be6 38. Bc4 Nb6 39. Nxb6 Qxb6 40. Bxe6 fxe6
41. Ra6 Qxb5 42. Qc7+ Kh6 43. Ra7 Qb1+ 44. Kh2 Qxe4 45. Qxh7+ Kg5 46. Ra3 Qf4+
47. Rg3+ Kf6 48. Qxg6+ Ke7 49. Qg7+ Qf7 50. Qh6 Qf4 51. Qh7+ Kd8 52. Kh1 Qc1+
53. Kh2 Qf4 54. Qg8+ Kc7 55. Qxe6 Kc6 56. Qa2 Rb5 57. Qa6+ Kc5 58. Qa2 Rb4 59.
Qe2 Rd4 60. Qc2+ Rc4 61. Qa2 Rb4 62. Qa5+ Kc6 63. Qa6+ Kd5 64. Qa8+ Kc5 65.
Qc8+ Kd5 66. Qc2 Rc4 67. Qd3+ Rd4 68. Qb3+ Kc5 69. Kg1 Qc1+ 70. Kh2 Qf4 71.
Qc3+ Kd5 72. Qb3+ Kc5 73. Qe3 Kc4 74. Qb3+ Kc5 75. Qb2 Rb4 76. Qc3+ Kd5 77. Qa3
Kc5 78. Qe3+ Kd5 79. Qe2 Kc5 80. Qe1 Rc4 81. Qe2 Kd5 82. Qb2 Rb4 83. Qa2+ Kc5
84. Qc2+ Rc4 85. Qa2 Rb4 86. Qa1 Rc4 87. Qa5+ Kc6 88. Qa7 Kd5 89. Qb6 Rb4 90.
Qa5+ Kc6 91. Qa8+ Kc5 92. Qc8+ Kd5 93. Qe8 Kc5 94. Qe6 Rd4 95. Qg8 Rb4 96. Qh7
Rd4 97. Qb1 Rc4 98. Qb2 Rb4 99. Qe2 Rc4 100. Qe3+ Rd4 101. Kg1 Kd5 102. Qb3+
Kc6 103. Rf3 Qc1+ 104. Kh2 Rc4 105. Rf7 1-0

[Event "Marseille op 2nd "]
[Site "Marseille"]
[Date "2009.12.28"]
[Round "6"]
[White "Vincensini, Emmanuel"]
[Black "Houard, Yannick"]
[Result "0-1"]
[WhiteElo "1936"]
[BlackElo "2167"]
[PlyCount "72"]
[EventDate "2009.12.26"]
[EventType "swiss"]
[EventRounds "9"]
[EventCountry "FRA"]
[SourceTitle "CBM 134 Extra"]
[Source "ChessBase"]
[SourceDate "2010.03.03"]
[SourceVersion "1"]
[SourceVersionDate "2010.03.03"]
[SourceQuality "1"]

1. d4 d5 2. c4 c6 3. Nf3 Nf6 4. Nc3 dxc4 5. a4 Bf5 6. e3 e6 7. Bxc4 Bb4 8. O-O
O-O 9. Qe2 Bg6 10. Rd1 Nbd7 11. Ne5 Nxe5 12. dxe5 Nd7 13. f4 Qc7 14. Bd2 Rfd8
15. Be1 Nc5 16. Rd4 Rxd4 17. exd4 Nd7 18. Ne4 Bxe1 19. Rxe1 Qb6 20. Rd1 Bxe4
21. Qxe4 Qb4 22. b3 Nb6 23. Bd3 g6 24. Bc2 Rd8 25. f5 exf5 26. Qh4 Re8 27. Rd3
Rxe5 28. Qd8+ Kg7 29. h3 Re1+ 30. Kf2 Re4 31. Rd1 Re6 32. Qg5 Nd5 33. Qd2 Qe7
34. Bd3 Qh4+ 35. Kf1 Ne3+ 36. Kg1 Nxd1 0-1

[Event "Marseille op 2nd "]
[Site "Marseille"]
[Date "2009.12.29"]
[Round "7"]
[White "Houard, Yannick"]
[Black "Riff, Jean Noel"]
[Result "0-1"]
[WhiteElo "2167"]
[BlackElo "2500"]
[PlyCount "124"]
[EventDate "2009.12.26"]
[EventType "swiss"]
[EventRounds "9"]
[EventCountry "FRA"]
[SourceTitle "CBM 134 Extra"]
[Source "ChessBase"]
[SourceDate "2010.03.03"]
[SourceVersion "1"]
[SourceVersionDate "2010.03.03"]
[SourceQuality "1"]

1. e4 c5 2. Nf3 d6 3. d4 Nf6 4. Nc3 cxd4 5. Nxd4 e6 6. Be2 Be7 7. O-O O-O 8.
Kh1 Nc6 9. Be3 Nxd4 10. Bxd4 b6 11. f4 Bb7 12. Bd3 Rc8 13. Qf3 g6 14. a4 Qc7
15. Nb5 Qb8 16. c4 Nd7 17. Nc3 Bf6 18. Bxf6 Nxf6 19. a5 Bc6 20. Qe2 Qb7 21. b4
Qb8 22. Qe3 Ng4 23. Qe2 f5 24. h3 Nf6 25. Qe3 bxa5 26. b5 Ba8 27. Rxa5 Qb6 28.
Qxb6 axb6 29. Ra6 fxe4 30. Be2 d5 31. Rxb6 d4 32. Rxe6 dxc3 33. Rc1 Kf7 34. Ra6
Rfe8 35. Rxc3 Nd5 36. Rc1 Nb4 37. Ra7+ Re7 38. Rca1 Bb7 39. Rd1 Nd3 40. Kh2
Rxc4 41. Bxd3 exd3 42. Rxd3 Rxf4 43. Rd2 Rb4 44. Rf2+ Kg7 45. Ra5 Re5 46. Rd2
Rexb5 47. Raa2 h5 48. Rac2 Kh6 49. Re2 Be4 50. Rcd2 Rc5 51. Rf2 Rbc4 52. Rf4
Rc2 53. Rxc2 Bxc2 54. h4 Bf5 55. g3 Rc2+ 56. Kg1 Kg7 57. Kf1 Kf6 58. Kg1 Ke5
59. Rf3 Rd2 60. Ra3 Ke4 61. Rb3 Rd3 62. Rb4+ Kf3 0-1

[Event "Marseille op 2nd "]
[Site "Marseille"]
[Date "2009.12.29"]
[Round "8"]
[White "Houard, Yannick"]
[Black "Vallette, Patrick"]
[Result "1-0"]
[WhiteElo "2167"]
[BlackElo "1862"]
[PlyCount "93"]
[EventDate "2009.12.26"]
[EventType "swiss"]
[EventRounds "9"]
[EventCountry "FRA"]
[SourceTitle "CBM 134 Extra"]
[Source "ChessBase"]
[SourceDate "2010.03.03"]
[SourceVersion "1"]
[SourceVersionDate "2010.03.03"]
[SourceQuality "1"]

1. e4 e6 2. d4 d5 3. Nd2 c5 4. exd5 exd5 5. Bb5+ Bd7 6. Qe2+ Qe7 7. Bxd7+ Nxd7
8. dxc5 Qxe2+ 9. Nxe2 Bxc5 10. Nb3 Bd6 11. Bf4 Bxf4 12. Nxf4 Ne7 13. O-O-O Nf6
14. Rhe1 Rd8 15. Rd3 g5 16. Ne2 O-O 17. Ng3 Rd7 18. Rf3 Ne4 19. Nxe4 dxe4 20.
Rxe4 Rfd8 21. Rd3 Nc6 22. Rxd7 Rxd7 23. Nc5 Rc7 24. c3 h6 25. Kc2 a5 26. Nd3
Kg7 27. Kd2 Rd7 28. Ke2 Rd5 29. Re8 Kf6 30. Rh8 Kg7 31. Rc8 Ne5 32. Nxe5 Rxe5+
33. Kd2 Rb5 34. b3 a4 35. c4 Rb6 36. Kc3 axb3 37. axb3 Rf6 38. f3 g4 39. fxg4
Rf2 40. Rd8 Rxg2 41. h3 Kg6 42. b4 Re2 43. c5 Re3+ 44. Rd3 Re7 45. Kc4 h5 46.
Rd6+ f6 47. gxh5+ 1-0

[Event "Marseille op 2nd "]
[Site "Marseille"]
[Date "2009.12.30"]
[Round "9"]
[White "Sanduleac, Vasile"]
[Black "Houard, Yannick"]
[Result "0-1"]
[WhiteElo "2470"]
[BlackElo "2167"]
[PlyCount "108"]
[EventDate "2009.12.26"]
[EventType "swiss"]
[EventRounds "9"]
[EventCountry "FRA"]
[SourceTitle "CBM 134 Extra"]
[Source "ChessBase"]
[SourceDate "2010.03.03"]
[SourceVersion "1"]
[SourceVersionDate "2010.03.03"]
[SourceQuality "1"]

1. e4 e6 2. d3 d5 3. Nd2 c5 4. Ngf3 Nc6 5. g3 Bd6 6. Bg2 Nge7 7. O-O O-O 8. Qe2
Qc7 9. Re1 f6 10. c3 Bd7 11. Nb3 b6 12. d4 c4 13. e5 fxe5 14. dxe5 Bc5 15. Nxc5
bxc5 16. b3 Na5 17. Qc2 Be8 18. Ng5 Bg6 19. Qd1 Qd7 20. Ba3 Rac8 21. b4 Nb7 22.
Ne4 cxb4 23. Bxb4 Bxe4 24. Bxe4 Nc5 25. Bc2 Qc7 26. Qg4 Nf5 27. Rad1 a5 28. Ba3
g6 29. Qe2 Rf7 30. Bc1 Nd3 31. Bxd3 cxd3 32. Rxd3 Qc4 33. Bg5 h5 34. h3 Rb8 35.
Red1 a4 36. a3 Rb3 37. g4 hxg4 38. hxg4 Rb2 39. R1d2 Rb1+ 40. Kg2 Re1 41. Qxe1
Qxg4+ 42. Kf1 Rh7 43. f4 Rh1+ 44. Kf2 Rxe1 45. Kxe1 Qg1+ 46. Ke2 Ng3+ 47. Kf3
Ne4 48. c4 Nxd2+ 49. Rxd2 Qf1+ 50. Ke3 Qxc4 51. Rd3 Qe4+ 52. Kd2 d4 53. Rg3 Kf7
54. Rd3 Ke8 0-1

[Event "CHN-chT 6th"]
[Site "China"]
[Date "2010.09.12"]
[Round "12"]
[White "Li, Xueyi"]
[Black "Hou, Yifan"]
[Result "0-1"]
[WhiteElo "1957"]
[BlackElo "2570"]
[PlyCount "76"]
[EventDate "2010.04.16"]
[EventType "team-tourn"]
[EventRounds "18"]
[EventCountry "CHN"]
[SourceTitle "EXT 2011"]
[Source "ChessBase"]
[SourceDate "2010.11.26"]
[SourceVersion "1"]
[SourceVersionDate "2010.11.26"]
[SourceQuality "1"]

1. d4 Nf6 2. c4 e6 3. Nc3 Bb4 4. f3 c5 5. d5 d6 6. e4 O-O 7. Bd3 Nbd7 8. Nge2
Ne5 9. O-O exd5 10. cxd5 a6 11. Bc2 Re8 12. Bg5 h6 13. Bh4 Ba5 14. a3 b5 15. b4
Bb6 16. Kh1 Nc4 17. Bf2 Bd7 18. Bb3 cxb4 19. axb4 Ne3 20. Bxe3 Bxe3 21. Qd3 Bb6
22. Nd4 Nh5 23. Nce2 Qf6 24. Bc2 Nf4 25. Nxf4 Qxd4 26. Qb3 Rec8 27. Ra2 Rc4 28.
Ne2 Qe3 29. Bd3 Rc7 30. Qb1 h5 31. f4 Rac8 32. Rxa6 Bg4 33. Ra2 h4 34. Re1 h3
35. Ng1 Qxf4 36. Rf1 Qe3 37. Raf2 Rc1 38. Qb3 Qxf2 0-1

[Event "Ulaanbaatar FIDE GP (Women)"]
[Site "Ulaanbaatar"]
[Date "2010.08.01"]
[Round "3"]
[White "Hou, Yifan"]
[Black "Xu, Yuhua"]
[Result "1-0"]
[WhiteElo "2577"]
[BlackElo "2488"]
[PlyCount "81"]
[EventDate "2010.07.30"]
[EventType "tourn"]
[EventRounds "11"]
[EventCountry "MGL"]
[EventCategory "11"]
[SourceTitle "CBM 138"]
[Source "ChessBase"]
[SourceDate "2010.09.17"]
[SourceVersion "1"]
[SourceVersionDate "2010.09.17"]
[SourceQuality "1"]

1. e4 e6 2. d4 d5 3. Nd2 c5 4. Ngf3 cxd4 5. exd5 Qxd5 6. Bc4 Qd6 7. O-O Nf6 8.
Nb3 Nc6 9. Nfxd4 Nxd4 10. Nxd4 a6 11. Re1 Bd7 12. Bg5 O-O-O 13. Re3 Bc6 14. Rd3
Be4 15. Rd2 Qc7 16. Nxe6 Rxd2 17. Qxd2 Qd6 18. Nxf8 Qxd2 19. Bxd2 Rxf8 20. f3
Bg6 21. c3 Rd8 22. Be3 Nd5 23. Bd4 Nf4 24. Re1 b5 25. Bf1 Nd3 26. Re2 Nc1 27.
Rd2 Nxa2 28. Be3 Rxd2 29. Bxd2 Kb7 30. Kf2 Kc6 31. Ke3 a5 32. b4 axb4 33. cxb4
f6 34. Kd4 Bf7 35. Bd3 h5 36. h4 g6 37. g3 g5 38. f4 g4 39. Be4+ Kd6 40. Bc2
Kc6 41. Bd3 1-0

[Event "Ulaanbaatar FIDE GP (Women)"]
[Site "Ulaanbaatar"]
[Date "2010.08.04"]
[Round "5"]
[White "Hou, Yifan"]
[Black "Sebag, Marie"]
[Result "1-0"]
[WhiteElo "2577"]
[BlackElo "2519"]
[PlyCount "71"]
[EventDate "2010.07.30"]
[EventType "tourn"]
[EventRounds "11"]
[EventCountry "MGL"]
[EventCategory "11"]
[SourceTitle "CBM 138"]
[Source "ChessBase"]
[SourceDate "2010.09.17"]
[SourceVersion "1"]
[SourceVersionDate "2010.09.17"]
[SourceQuality "1"]

1. e4 c5 2. Nf3 d6 3. d4 cxd4 4. Nxd4 Nf6 5. Nc3 a6 6. Be3 e5 7. Nb3 Be6 8. Qd2
Nbd7 9. f4 b5 10. O-O-O Be7 11. Kb1 O-O 12. f5 Bc4 13. Rg1 Qc7 14. g4 b4 15.
Bxc4 bxc3 16. Qxc3 Rfc8 17. Nd2 d5 18. exd5 Rab8 19. Qd3 e4 20. d6 Qc6 21. Qe2
Bxd6 22. Bb3 Be5 23. Nc4 Bc7 24. g5 Nd5 25. g6 Nxe3 26. Nxe3 Nc5 27. Qh5 Nxb3
28. Qxh7+ Kf8 29. Qh8+ Ke7 30. Qxg7 Rf8 31. Nd5+ Ke8 32. gxf7+ Rxf7 33. Qg8+
Rf8 34. Nxc7+ Qxc7 35. Qe6+ Qe7 36. Qc6+ 1-0

[Event "Olympiad Women-39"]
[Site "Khanty-Mansiysk"]
[Date "2010.09.27"]
[Round "6.4"]
[White "Kovanova, Baira"]
[Black "Hou, Yifan"]
[Result "0-1"]
[WhiteElo "2370"]
[BlackElo "2578"]
[PlyCount "86"]
[EventDate "2010.09.21"]
[EventType "team-swiss"]
[EventRounds "11"]
[EventCountry "RUS"]
[SourceTitle "CBM 139"]
[Source "ChessBase"]
[SourceDate "2010.11.18"]
[SourceVersion "1"]
[SourceVersionDate "2010.11.18"]
[SourceQuality "1"]
[WhiteTeam "Russia (W) III"]
[BlackTeam "China (W)"]
[WhiteTeamCountry "RUS"]
[BlackTeamCountry "CHN"]

1. e4 c5 2. Nf3 Nc6 3. Nc3 g6 4. g3 Bg7 5. Bg2 d6 6. d3 Nf6 7. h3 Rb8 8. Be3 b5
9. Qd2 b4 10. Ne2 Nd7 11. Qc1 O-O 12. O-O a5 13. g4 Ba6 14. Ng3 c4 15. d4 c3
16. Rd1 cxb2 17. Qxb2 e5 18. c3 Nb6 19. Qc1 bxc3 20. d5 Nb4 21. a3 Nd3 22. Qc2
Nb2 23. Rdc1 N6a4 24. Bf1 Bxf1 25. Kxf1 Qd7 26. Ne2 Rbc8 27. Kg2 f5 28. exf5
gxf5 29. Ng5 Qb5 30. gxf5 Qxd5+ 31. Ne4 Nd3 32. Qxa4 Nxc1 33. N2g3 Nb3 34. Rb1
Nd2 35. Rb5 Qc4 36. Qxc4+ Nxc4 37. Bc1 c2 38. Rb3 a4 39. Rd3 Na5 40. Nxd6 Rc6
41. f6 Rxf6 42. Ndf5 Bf8 43. Rd8 Kf7 0-1

[Event "Sanya City m"]
[Site "Sanya City"]
[Date "2010.11.06"]
[Round "1"]
[White "Hou, Yifan"]
[Black "Karpov, Anatoly"]
[Result "0-1"]
[WhiteElo "2591"]
[BlackElo "2619"]
[Annotator "Friedel,F"]
[PlyCount "131"]
[EventDate "2010.11.06"]
[EventType "match"]
[EventRounds "4"]
[EventCountry "CHN"]
[SourceTitle "CBM 139"]
[Source "ChessBase"]
[SourceDate "2010.11.18"]
[SourceVersion "1"]
[SourceVersionDate "2010.11.18"]
[SourceQuality "1"]

1. e4 e5 2. Nf3 Nc6 3. Bb5 Nf6 4. Nc3 Bb4 5. O-O O-O 6. d3 d6 7. Bg5 Bxc3 8.
bxc3 Qe7 9. Re1 a6 10. Bxc6 bxc6 11. d4 a5 12. Rb1 Qe6 13. a3 Nd7 14. Nh4 f6
15. Bc1 Nb6 16. Nf5 Nc4 17. Ne3 Ba6 18. f4 Nxe3 19. Bxe3 Qc4 20. Qd2 Rae8 21.
fxe5 fxe5 22. Bf2 h6 23. h3 Rf7 24. Bg3 Kh7 25. Kh2 Bb5 26. Rbd1 Re6 27. Ra1
Ba4 28. dxe5 dxe5 29. Rac1 Qc5 30. Qe3 Qxe3 31. Rxe3 Rd7 32. Rd3 Rdd6 33. Kg1
Bb5 34. Rdd1 Be2 35. Re1 Rd2 36. Bf2 Bb5 37. Be3 Rd7 38. Rcd1 Red6 39. Rxd6
cxd6 40. Bb6 a4 41. Be3 c5 42. Kf2 Rf7+ 43. Kg3 Rf6 44. Bd2 $2 {Putting the
bishop on a square where it can be attacked by the black rook on f2.} Kg8 $2 (
44... Bf1 $1 $19) 45. Re3 $2 Bc6 $2 (45... Bf1 $1 $19) 46. Re2 Rf1 $1 47. Be1
Kf7 48. c4 Ke6 49. Bd2 Ra1 50. Re3 Ra2 51. Kf3 Rxc2 52. Bc3 Bb7 53. g3 Ba6 54.
Be1 Bxc4 {Black has picked off two pawns, and has the powerful bishop pair.
The game is lost for White.} 55. Rc3 Be2+ 56. Ke3 Ra2 57. Bd2 Bf1 58. h4 Bh3
59. Bc1 Bf1 60. Bd2 Kd7 61. Bc1 Kc6 62. Kf3 Be2+ 63. Ke3 Bh5 64. Bd2 Bg4 65.
Kd3 Kb5 66. Ke3 0-1

[Event "Asia-chT (Women) 16th"]
[Site "Guangzhou"]
[Date "2010.11.23"]
[Round "6"]
[White "Hou, Yifan"]
[Black "Muminova, Nafisa"]
[Result "1-0"]
[WhiteElo "2591"]
[BlackElo "2360"]
[PlyCount "93"]
[EventDate "2010.11.18"]
[EventType "team-swiss"]
[EventRounds "9"]
[EventCountry "CHN"]
[SourceTitle "CBM 139 Extra"]
[Source "ChessBase"]
[SourceDate "2011.01.05"]
[SourceVersion "1"]
[SourceVersionDate "2011.01.05"]
[SourceQuality "1"]
[WhiteTeam "China (W)"]
[BlackTeam "Uzbekistan (W)"]
[WhiteTeamCountry "CHN"]
[BlackTeamCountry "UZB"]

1. e4 e6 2. d4 d5 3. Nd2 Nf6 4. e5 Nfd7 5. Bd3 c5 6. c3 Nc6 7. Ne2 cxd4 8. cxd4
f6 9. exf6 Nxf6 10. Nf3 Bd6 11. O-O Qc7 12. Bd2 O-O 13. Rc1 Bd7 14. Ng3 Qb6 15.
Bc3 Bf4 16. Ra1 g6 17. a3 Rae8 18. Ne5 Nxd4 19. Nxd7 Nxd7 20. Bxg6 hxg6 21.
Bxd4 Qd6 22. Bc3 b6 23. Qd3 e5 24. Rad1 d4 25. Bb4 Nc5 26. Ne4 Nxd3 27. Bxd6
Nxb2 28. Rb1 Nc4 29. Bxf8 Rxf8 30. Rb3 Kf7 31. g3 Bh6 32. Rb4 Na5 33. f4 Ke6
34. Re1 Rf5 35. Nf2 Nc6 36. Rb5 Kd6 37. Ng4 Bg7 38. fxe5+ Nxe5 39. Nxe5 Rxe5
40. Rexe5 Bxe5 41. Rb1 Kc6 42. Kf2 b5 43. Ke2 Bf6 44. Rf1 Be7 45. Rf7 Bxa3 46.
Rxa7 b4 47. Kd3 1-0

[Event "World Women-ch k.o."]
[Site "Antakya"]
[Date "2010.12.12"]
[Round "3.4"]
[White "Hou, Yifan"]
[Black "Zhu, Chen"]
[Result "1-0"]
[WhiteElo "2591"]
[BlackElo "2477"]
[PlyCount "129"]
[EventDate "2010.12.04"]
[EventType "k.o."]
[EventRounds "6"]
[EventCountry "TUR"]
[SourceTitle "CBM 139 Extra"]
[Source "ChessBase"]
[SourceDate "2011.01.05"]
[SourceVersion "1"]
[SourceVersionDate "2011.01.05"]
[SourceQuality "1"]

1. e4 e6 2. d4 d5 3. Nc3 Nf6 4. Bg5 dxe4 5. Nxe4 Nbd7 6. Nf3 h6 7. Nxf6+ Nxf6
8. Bh4 c5 9. Bc4 cxd4 10. O-O Be7 11. Qe2 O-O 12. Rad1 Qb6 13. Nxd4 Qxb2 14.
Nf5 exf5 15. Qxe7 Be6 16. Bxe6 fxe6 17. Qxe6+ Kh8 18. Qxf5 Qxa2 19. Rd6 Ng8 20.
Qe4 Qf7 21. f3 Qf4 22. Rd7 Qxe4 23. fxe4 Rxf1+ 24. Kxf1 Re8 25. Rxb7 Rxe4 26.
Bf2 Rc4 27. Rb2 a5 28. Ke2 Rg4 29. Kf3 Rc4 30. Be1 a4 31. Ke3 Rg4 32. g3 Ne7
33. Kd3 Nc6 34. Bc3 h5 35. Rb6 Rg6 36. Rb5 Rh6 37. Rg5 Rh7 38. h4 Kg8 39. Kc4
Nd8 40. Ra5 Ne6 41. Rxa4 g5 42. Ra8+ Kf7 43. Ra7+ Kg6 44. Rxh7 Kxh7 45. Kd5
gxh4 46. gxh4 Nf4+ 47. Ke4 Ng2 48. Bf6 Kg6 49. Bg5 Kf7 50. Kd5 Ke8 51. Ke6 Ne1
52. c3 Nf3 53. Kf6 Kd7 54. Kg6 Ke6 55. Kxh5 Kf5 56. Be7 Ne5 57. Kh6 Ng6 58. Bg5
Ne5 59. Kg7 Nf3 60. Bf6 Kg4 61. Kg6 Ne1 62. h5 Nd3 63. h6 Nf4+ 64. Kf7 Kf5 65.
h7 1-0